<?xml version="1.0" encoding="UTF-8"?>
<record
    xmlns:xsi="http://www.w3.org/2001/XMLSchema-instance"
    xsi:schemaLocation="http://www.loc.gov/MARC21/slim http://www.loc.gov/standards/marcxml/schema/MARC21slim.xsd"
    xmlns="http://www.loc.gov/MARC21/slim">

  <leader>02101nam a22003137a 4500</leader>
  <controlfield tag="003">OSt</controlfield>
  <controlfield tag="005">20230607091354.0</controlfield>
  <controlfield tag="008">221006b        |||||||| |||| 00| 0 eng d</controlfield>
  <datafield tag="040" ind1=" " ind2=" ">
    <subfield code="c">Biblioteca Lado V</subfield>
  </datafield>
  <datafield tag="082" ind1=" " ind2=" ">
    <subfield code="a">700</subfield>
    <subfield code="b">V473o</subfield>
  </datafield>
  <datafield tag="100" ind1=" " ind2=" ">
    <subfield code="9">841</subfield>
    <subfield code="a">Vera Jimenez, Jose Luis</subfield>
    <subfield code="e">ditector</subfield>
  </datafield>
  <datafield tag="245" ind1=" " ind2=" ">
    <subfield code="a">El Ornitorrinco Tachado/</subfield>
    <subfield code="b">Revista de Artes Visuales/</subfield>
  </datafield>
  <datafield tag="260" ind1=" " ind2=" ">
    <subfield code="a">Mexico</subfield>
    <subfield code="b">Universidad Autonoma del Estado de Mexico </subfield>
    <subfield code="c">2018</subfield>
  </datafield>
  <datafield tag="300" ind1=" " ind2=" ">
    <subfield code="c">21x21cm</subfield>
    <subfield code="a">152p.</subfield>
    <subfield code="e">dos posters</subfield>
  </datafield>
  <datafield tag="366" ind1=" " ind2=" ">
    <subfield code="e">spa</subfield>
  </datafield>
  <datafield tag="490" ind1=" " ind2=" ">
    <subfield code="a">6</subfield>
    <subfield code="v">2017</subfield>
    <subfield code="x">2448-6930</subfield>
  </datafield>
  <datafield tag="505" ind1=" " ind2=" ">
    <subfield code="a">Los estudios visuales "en espa&#xF1;ol". Un estado de la cuesti&#xF3;n.</subfield>
  </datafield>
  <datafield tag="505" ind1=" " ind2=" ">
    <subfield code="a">Articulos</subfield>
    <subfield code="t">Investigaci&#xF3;n actual en im&#xE1;genes. un an&#xE1;lisis comparativo del debate internacional sobre la imagen.

Visualidad y t&#xE9;cnica: Consideraciones sobre audiovisual amateur, dispositivos y vida cotidiana

La acci&#xF3;n pol&#xED;tica como performance social: el caso de las im&#xE1;genes de las protestas contra Nicolas Maduro 

&#xBF;Qu&#xE9; es una pipa?

Museificacion y reinscripcion de artefactos visuales. Del Brasil decimononico a la contemporaneidad art&#xED;stica </subfield>
  </datafield>
  <datafield tag="505" ind1=" " ind2=" ">
    <subfield code="a">Dossier</subfield>
    <subfield code="r">Francisco Larios</subfield>
    <subfield code="t">Mar Bermejo</subfield>
  </datafield>
  <datafield tag="505" ind1=" " ind2=" ">
    <subfield code="a">Al Margen</subfield>
    <subfield code="t">Presentacion 

De mostrar el ver a la imagen que se muestra. Sobre la teoria de la imagen de W. J. T. Mitchell

Comentarios sobre la tercera contratesis de W. J. T. Mitchell

Estudios visuales entre diglosias coloniales y saberes colectivos

El posgrado de la Facultad de Artes frente a los Estudios Visuales</subfield>
  </datafield>
  <datafield tag="505" ind1=" " ind2=" ">
    <subfield code="a">Ensayo Visual</subfield>
    <subfield code="r">Juan Caloca Carbajal</subfield>
    <subfield code="t">La gran familia mexicana</subfield>
  </datafield>
  <datafield tag="505" ind1=" " ind2=" ">
    <subfield code="a">Rese&#xF1;as</subfield>
    <subfield code="r">Victoria Noelia Cabral</subfield>
    <subfield code="t">Principio de incertidumbre: percepci&#xF3;n y luz en la ciencia y en el arte 

Sociolog&#xED;a de la imagen. Miradas ch'ixi de la historia andina </subfield>
  </datafield>
  <datafield tag="650" ind1=" " ind2=" ">
    <subfield code="2">Tesauro de Arte &amp; Arquitectura</subfield>
    <subfield code="a">ARTE</subfield>
    <subfield code="9">703</subfield>
  </datafield>
  <datafield tag="650" ind1=" " ind2=" ">
    <subfield code="2">Tesauro de Arte &amp; Arquitectura</subfield>
    <subfield code="a">ENSAYO</subfield>
    <subfield code="9">702</subfield>
  </datafield>
  <datafield tag="650" ind1=" " ind2=" ">
    <subfield code="2">Tesauro de Arte &amp; Arquitectura</subfield>
    <subfield code="a">ARTE VISUAL</subfield>
    <subfield code="9">702</subfield>
  </datafield>
  <datafield tag="650" ind1=" " ind2=" ">
    <subfield code="2">Tesauro de Arte &amp; Arquitectura</subfield>
    <subfield code="a">MUSEOLOGIA</subfield>
  </datafield>
  <datafield tag="650" ind1=" " ind2=" ">
    <subfield code="2">Tesauro de Arte &amp; Arquitectura</subfield>
    <subfield code="a">ESPA&#xD1;OL</subfield>
  </datafield>
  <datafield tag="942" ind1=" " ind2=" ">
    <subfield code="2">ddc</subfield>
    <subfield code="c">1</subfield>
    <subfield code="h">700</subfield>
    <subfield code="i">v473o</subfield>
    <subfield code="n">0</subfield>
  </datafield>
  <datafield tag="999" ind1=" " ind2=" ">
    <subfield code="c">3796</subfield>
    <subfield code="d">3796</subfield>
  </datafield>
  <datafield tag="952" ind1=" " ind2=" ">
    <subfield code="0">0</subfield>
    <subfield code="1">0</subfield>
    <subfield code="2">ddc</subfield>
    <subfield code="3">2017</subfield>
    <subfield code="4">0</subfield>
    <subfield code="7">0</subfield>
    <subfield code="8">Revistas</subfield>
    <subfield code="a">LV</subfield>
    <subfield code="b">LV</subfield>
    <subfield code="d">2023-06-07</subfield>
    <subfield code="h">6</subfield>
    <subfield code="i">002861</subfield>
    <subfield code="l">0</subfield>
    <subfield code="o">700 V473o</subfield>
    <subfield code="p">002861</subfield>
    <subfield code="r">2023-06-07 00:00:00</subfield>
    <subfield code="w">2023-06-07</subfield>
    <subfield code="y">1</subfield>
  </datafield>
</record>
